书目信息 |
| 题名: |
基于语言对比的英汉翻译研究
|
|
| 作者: | 吕晓军 著 | |
| 分册: | ||
| 出版信息: | 北京 中国戏剧出版社 2025.01 |
|
| 页数: | 184页 | |
| 开本: | 24cm | |
| 丛书名: | ||
| 单 册: | ||
| 中图分类: | H315.9 | |
| 科图分类: | ||
| 主题词: | 英语--翻译--研究 | |
| 电子资源: | ||
| ISBN: | 978-7-104-05525-9 | |
| 000 | 00930nam0 2200229 450 | |
| 001 | 012767983 | |
| 005 | 20250924231958.07 | |
| 010 | @a978-7-104-05525-9@dCNY72.00 | |
| 100 | @a20241023d2025 em y0chiy0120 ea | |
| 101 | 0 | @achi@aeng |
| 102 | @aCN@b110000 | |
| 105 | @aa z 000yy | |
| 106 | @ar | |
| 200 | 1 | @a基于语言对比的英汉翻译研究@9ji yu yu yan dui bi de ying han fan yi yan jiu@f吕晓军著 |
| 210 | @a北京@c中国戏剧出版社@d2025.01 | |
| 215 | @a184页@c图@d24cm | |
| 330 | @a本书以英汉语言的比较翻译为研究内容,综合论述了英汉语言的发展史、对比分析和对比翻译等的相关概念,引领读者对英汉语言全面对比有了基本的了解;论述了英汉语言的语音、词汇、修辞、句法、语篇的比较,阐明了英汉语言对比的具体方面;从词汇、语法、语篇三个方面对英汉比较翻译进行了研究。 | |
| 606 | 0 | @a英语@x翻译@x研究 |
| 690 | @aH315.9@v5 | |
| 701 | 0 | @a吕晓军@9lü xiao jun@4著 |
| 801 | 0 | @aCN@c20250910 |
| 905 | @a河南城建学院图书馆@dH315.9@eL899@ZL899@f1 | |
| 基于语言对比的英汉翻译研究/吕晓军著.-北京:中国戏剧出版社,2025.01 |
| 184页:图;24cm |
| ISBN 978-7-104-05525-9:CNY72.00 |
| 本书以英汉语言的比较翻译为研究内容,综合论述了英汉语言的发展史、对比分析和对比翻译等的相关概念,引领读者对英汉语言全面对比有了基本的了解;论述了英汉语言的语音、词汇、修辞、句法、语篇的比较,阐明了英汉语言对比的具体方面;从词汇、语法、语篇三个方面对英汉比较翻译进行了研究。 |
| ● |
| 相关链接 |
|
|
|
正题名:基于语言对比的英汉翻译研究
索取号:H315.9/L899
 
预约/预借
| 序号 | 登录号 | 条形码 | 馆藏地/架位号 | 状态 | 备注 |
| 1 | 1635129 | 216351294 | 语言库209/209语言库 39排3列3层/ [索取号:H315.9/L899] | 在馆 |